=LDR 00000nam 2200000 4500 =001 INLIS000000000041919 =005 20130612151425 =008 ***********************************ind** =035 ##$$0010-061300000041919 =041 ##$$a ind =082 ##$$a 813 =090 ##$$a 813, Geo l =100 ##$$a Georges Simenon =245 ##$$a Lelaki dari london, Georges simenon;Penerjemah, Absanti ds =260 ##$$a 2009 $b Bandung =300 ##$$a 160 hlm, 17 cm =650 ##$$a FIKSI INDONESIA - TERJEMAHAN =850 ##$$a NBPNMAT =990 ##$$a 0001/BPAP-NTB/2016